Pioneros del diseño moderno de William Morris a Walter Gropius
| Main Author: | |
|---|---|
| Format: | Section = Libro |
| Language: | Undetermined Spanish |
| Published: |
Buenos Aires
Infinito
1963
|
| Subjects: |
| LEADER | 00499nam a2200181Ia 4500 | ||
|---|---|---|---|
| 008 | 240829s9999 xx 000 0 und d | ||
| 040 | |a BIBLIOTECA-RUSB/ 720.9 P514 | ||
| 041 | |a spa | ||
| 082 | |a 720.9 P514 | ||
| 100 | 1 | |a Pevsner, Nikilau | |
| 245 | 1 | 0 | |a Pioneros del diseño moderno de William Morris a Walter Gropius |
| 260 | |a Buenos Aires |b Infinito |c 1963 | ||
| 300 | |a 270 p. :il. | ||
| 650 | 7 | |a ARQUITECTURA-HISTORIA | |
| 650 | 7 | |b ARQUITECTURA-TEORIA | |
| 942 | |c BK |2 ddc | ||
| 991 | |a TEXTO | ||
| 999 | |c 5064 | ||